| 000 | 00634nam a2200229Ia 4500 | ||
|---|---|---|---|
| 003 | OSt | ||
| 005 | 20221007064533.0 | ||
| 006 | a|||||r|||| 00| 0 | ||
| 007 | ta | ||
| 008 | 221006b |||||||| |||| 00| 0 eng d | ||
| 024 | _a17,349 | ||
| 037 | _cReports / Technical Reports | ||
| 040 |
_aFLL _cFLL _beng |
||
| 041 |
_2eng _aeng |
||
| 082 | _aXM55:Z2t:N50, J1.3 | ||
| 245 | 0 | _aReport of company law committee 1950-51 | |
| 260 |
_aDelhi _bGovt. of India India _c1951 |
||
| 300 |
_a293p _ccm. |
||
| 490 | _vVol.3 | ||
| 942 |
_hXM55:Z2t:N50, J1.3 _cREP _2CC |
||
| 999 |
_c1134375 _d1134375 |
||